000
00454nam a2200145Ia 4500
008
100122s9999 xx 000 0 und d
082
_b
5926
_a
808.809
100
_a
निरंतर ग भा
245
_a
ग्रंथाच्या सहवासात
260
_c
1924
300
_a
60
630
_a
ग्रंथाच्या सहवासात
730
_a
ग्रंथाच्या सहवासात
942
_c
BOOK
999
_c
399095
_d
399092